[Event "I Open Adriatico Ionio A"]
[Site "Ancona ITA"]
[Date "2009.01.08"]
[Round "8"]
[White "Vuelban, Virgilio"]
[Black "De Santis, Alessio"]
[Result "1-0"]
[WhiteElo "2411"]
[BlackElo "2278"]
[PlyCount "111"]
[EventDate "2009.01.02"]

1. e4 e6 2. d4 d5 3. Nc3 Nf6 4. Bg5 Be7 5. e5 Nfd7 6. Bxe7 Qxe7 7. Qd2 a6 8. f4
c5 9. Nf3 Nc6 10. dxc5 Nxc5 11. Bd3 f6 12. exf6 Qxf6 13. g3 O-O 14. O-O-O Bd7
15. Kb1 Be8 16. Rde1 Rd8 17. Ne5 Nxe5 18. Rxe5 Bf7 19. Rhe1 Nd7 20. R5e2 Rfe8
21. g4 e5 22. Bf5 d4 23. Ne4 Qc6 24. Ng5 Bg6 25. Bxd7 Rxd7 26. f5 h6 27. Ne6 d3
28. Rxe5 dxc2+ 29. Qxc2 Qxc2+ 30. Kxc2 Rc8+ 31. Rc5 Rxc5+ 32. Nxc5 Rc7 33. fxg6
Rxc5+ 34. Kd3 Kf8 35. Rf1+ Kg8 36. h4 Rb5 37. b3 h5 38. Rc1 Kf8 39. g5 Rb6 40.
Rc8+ Ke7 41. Rc7+ Ke6 42. Rxg7 Kf5 43. Rh7 Kg4 44. g7 Rg6 45. Ke4 b5 46. b4
Re6+ 47. Kd5 Rg6 48. Ke5 Kxh4 49. Kf5 Rxg5+ 50. Kf6 Kg4 51. Rh8 h4 52. g8=Q
Rxg8 53. Rxg8+ Kf3 54. Rh8 Kg3 55. Ke5 h3 56. Kd6 1-0

[Event "I Open Adriatico Ionio A"]
[Site "Ancona ITA"]
[Date "2009.01.09"]
[Round "9"]
[White "Foglia, Maurizio"]
[Black "Rotoni, Matteo"]
[Result "1/2-1/2"]
[WhiteElo "2164"]
[BlackElo "2168"]
[PlyCount "24"]
[EventDate "2009.01.02"]

1. e4 c5 2. b4 cxb4 3. a3 bxa3 4. Bxa3 Nc6 5. d4 d5 6. exd5 Qxd5 7. Nf3 e6 8.
Bxf8 Kxf8 9. c4 Qe4+ 10. Be2 Nge7 11. Nc3 Qf4 12. O-O h5 1/2-1/2

[Event "I Open Adriatico Ionio A"]
[Site "Ancona ITA"]
[Date "2009.01.09"]
[Round "9"]
[White "Medancic, Rikard"]
[Black "Kizov, Atanas"]
[Result "1/2-1/2"]
[WhiteElo "2242"]
[BlackElo "2404"]
[PlyCount "42"]
[EventDate "2009.01.02"]

1. d4 d5 2. c4 dxc4 3. Nf3 c5 4. e4 cxd4 5. Qxd4 Qxd4 6. Nxd4 Bd7 7. Bxc4 Nc6
8. Nxc6 Bxc6 9. f3 e6 10. Be3 Nf6 11. Nd2 Nd7 12. Be2 Bd6 13. Kf2 Ke7 14. Nb3
a5 15. Nd4 Rhc8 16. Rac1 Bc5 17. Nxc6+ Rxc6 18. Bb5 Bxe3+ 19. Kxe3 Rc5 20. Bxd7
Rxc1 21. Rxc1 Kxd7 1/2-1/2

[Event "Weekend A Epifania"]
[Site "Torino ITA"]
[Date "2009.01.04"]
[Round "3"]
[White "Davi, Alessandro"]
[Black "Barletta, Mauro"]
[WhiteElo "2018"]
[BlackElo "2234"]
[Result "1-0"]
[PlyCount "67"]
[EventDate "2009.01.03"]

1. d4 d5 2. c4 c6 3. Nc3 Nf6 4. Nf3 dxc4 5. a4 Bf5 6. e3 e6 7. Bxc4 Bb4 8. Qe2
O-O 9. O-O Nbd7 10. e4 Bg6 11. Bd3 Bh5 12. e5 Nd5 13. Nxd5 cxd5 14. Qe3 h6 15.
Bd2 Bxd2 16. Nxd2 Qb6 17. f4 f5 18. exf6 Rxf6 19. Ra3 a6 20. Rb3 Qc7 21. Qh3
Bf7 22. Qh4 Nb8 23. g4 Bg6 24. g5 hxg5 25. fxg5 Rxf1+ 26. Nxf1 Qf7 27. Bxg6
Qxg6 28. Rh3 Kf7 29. Qf4+ Ke7 30. Rh8 Qe4 31. Qf8+ Kd7 32. Qxg7+ Kc6 33. Rc8+
Kb6 34. Qc7+ 1-0

[Event "Weekend A Epifania"]
[Site "Torino ITA"]
[Date "2009.01.05"]
[Round "4"]
[White "Faraoni, Enrico"]
[Black "Barbiso, Tiziana"]
[WhiteElo "2085"]
[BlackElo "1928"]
[Result "1-0"]
[PlyCount "53"]
[EventDate "2009.01.03"]

1. g4 d5 2. h3 c5 3. Bg2 Nc6 4. c4 d4 5. Bxc6+ bxc6 6. Qa4 Qc7 7. d3 e5 8. Nf3
Bd6 9. Nbd2 Ne7 10. Ne4 O-O 11. b4 Ng6 12. bxc5 Be7 13. g5 Bf5 14. Ng3 Be6 15.
h4 Bxc5 16. Ne4 Bb6 17. h5 Ba5+ 18. Kf1 Ne7 19. Ba3 Bc3 20. Rb1 Rab8 21. Rxb8
Rxb8 22. Bd6 Qc8 23. Bxb8 Bh3+ 24. Kg1 Qg4+ 25. Ng3 Nf5 26. Qxc6 h6 27. g6 1-0

[Event "Weekend A Epifania"]
[Site "Torino ITA"]
[Date "2009.01.??"]
[Round "4"]
[White "Pulito, Alberto"]
[Black "Davi, Alessandro"]
[WhiteElo "2251"]
[BlackElo "2018"]
[Result "0-1"]
[PlyCount "78"]
[EventDate "2009.01.03"]

1. e4 c5 2. Nc3 Nc6 3. f4 g6 4. Nf3 Bg7 5. Bc4 e6 6. f5 Nge7 7. fxe6 fxe6 8. d3
d5 9. Bb3 b5 10. a4 b4 11. Ne2 O-O 12. O-O Na5 13. Ba2 Qd6 14. Bg5 Bb7 15. e5
Qd7 16. Nf4 Nac6 17. Qe1 Nf5 18. g4 Nfd4 19. Nxd4 Nxd4 20. Rc1 Nc6 21. Bf6 Bxf6
22. exf6 Rae8 23. g5 Nd8 24. d4 cxd4 25. Nd3 Nf7 26. Qxb4 e5 27. Rf2 Nxg5 28.
Nc5 Nh3+ 29. Kf1 Qg4 30. f7+ Rxf7 31. Rxf7 Qg1+ 32. Ke2 Qe3+ 33. Kd1 Bc8 34.
Bxd5 Bg4+ 35. Rf3+ Kh8 36. Nd3 Bxf3+ 37. Bxf3 Qxf3+ 38. Ke1 Qe3+ 39. Kf1 e4 0-1

[Event "Weekend A Epifania"]
[Site "Torino ITA"]
[Date "2009.01.??"]
[Round "5"]
[White "Ranieri, Fabrizio"]
[Black "Gallucci, Alessio"]
[WhiteElo "2243"]
[BlackElo "2205"]
[Result "1/2-1/2"]
[PlyCount "71"]
[EventDate "2009.01.03"]

1. e4 c5 2. Nf3 d6 3. d4 cxd4 4. Nxd4 Nf6 5. Nc3 Bd7 6. Be2 g6 7. O-O Bg7 8.
Bf3 O-O 9. Re1 Nc6 10. Nxc6 Bxc6 11. Nd5 e6 12. Nxf6+ Bxf6 13. c3 Qe7 14. Bf4
Rfd8 15. Qd2 Be5 16. Bxe5 dxe5 17. Qe3 b6 18. b4 Rd6 19. a4 Rad8 20. Be2 f5 21.
exf5 exf5 22. Bc4+ Bd5 23. Bxd5+ Rxd5 24. c4 Rd4 25. Qxe5 Qxe5 26. Rxe5 Rxc4
27. Re7 a5 28. bxa5 Rxa4 29. Rb1 Rb4 30. Ra1 bxa5 31. h3 Ra8 32. Rc1 Re4 33.
Rb7 a4 34. Rcc7 Rh4 35. Kh2 a3 36. Ra7 1/2-1/2

[Event "Weekend A Epifania"]
[Site "Torino ITA"]
[Date "2009.01.06"]
[Round "6"]
[White "Barletta, Mauro"]
[Black "Pepino, Enrico"]
[WhiteElo "2234"]
[BlackElo "2145"]
[Result "1/2-1/2"]
[PlyCount "53"]
[EventDate "2009.01.03"]

1. e4 c5 2. c3 d5 3. exd5 Qxd5 4. d4 g6 5. Nf3 Bg7 6. Na3 Nf6 7. Bc4 Qe4+ 8.
Be3 O-O 9. dxc5 Nc6 10. O-O Bg4 11. Be2 Rad8 12. Qc2 Ne5 13. Qxe4 Nxe4 14. Nb5
Bxf3 15. Bxf3 Nxf3+ 16. gxf3 Nd2 17. Bxd2 Rxd2 18. Nxa7 Ra8 19. Nb5 Rxb2 20. a4
Rc8 21. Rfd1 Rxc5 22. Rd8+ Bf8 23. Rb8 Rg5+ 24. Kf1 Rh5 25. h3 Rxh3 26. Kg2 Rh5
27. Rxb7 1/2-1/2

[Event "Weekend A Epifania"]
[Site "Torino ITA"]
[Date "2009.01.??"]
[Round "6"]
[White "Gallucci, Alessio"]
[Black "Davi, Alessandro"]
[WhiteElo "2205"]
[BlackElo "2018"]
[Result "1-0"]
[PlyCount "107"]
[EventDate "2009.01.03"]

1. e4 c5 2. Nf3 Nc6 3. Nc3 Nd4 4. Bc4 e6 5. d3 Ne7 6. Nxd4 cxd4 7. Ne2 Nc6 8.
O-O g6 9. Bf4 d6 10. c3 Bg7 11. cxd4 Nxd4 12. Nxd4 Bxd4 13. Qa4+ Bd7 14. Bb5 e5
15. Be3 Bxb5 16. Qxb5+ Qd7 17. Qxd7+ Kxd7 18. Bxd4 exd4 19. Rfc1 Rhc8 20. Kf1
Ke6 21. Ke2 a5 22. Kd2 g5 23. f3 Ke5 24. g3 f6 25. Rf1 Rc5 26. Rac1 Rac8 27.
Rxc5+ Rxc5 28. h4 h6 29. Rh1 Ke6 30. hxg5 hxg5 31. Rh7 b5 32. f4 gxf4 33. gxf4
Rc8 34. Rh5 Rc5 35. Rh7 Rc8 36. Rb7 Rc5 37. Ke2 f5 38. Kd2 b4 39. Rh7 Kf6 40.
Rh6+ Ke7 41. Rh1 Rb5 42. Rc1 fxe4 43. dxe4 d5 44. e5 Ke6 45. Rc6+ Kf5 46. Rf6+
Ke4 47. e6 Rb8 48. e7 Re8 49. Rf7 a4 50. f5 Rh8 51. Rf8 Rh2+ 52. Ke1 Kf3 53.
e8=Q d3 54. Kd1 1-0

[Event "Weekend B Epifania"]
[Site "Torino ITA"]
[Date "2009.01.??"]
[Round "3"]
[White "Ostacoli, Matteo"]
[Black "Menniti, Domenico"]
[Result "1-0"]
[WhiteElo "1527"]
[BlackElo "1533"]
[PlyCount "70"]
[EventDate "2009.01.03"]

1. e4 e5 2. Nf3 d6 3. h3 Nf6 4. Nc3 Be7 5. Bc4 O-O 6. d3 Nbd7 7. Bg5 h6 8. Bh4
b6 9. Qd2 Bb7 10. O-O-O a6 11. g4 b5 12. Bb3 b4 13. Ne2 a5 14. g5 hxg5 15. Bxg5
Nh7 16. h4 a4 17. Bc4 Nb6 18. Bxe7 Qxe7 19. Qxb4 Rfb8 20. Qc3 Nxc4 21. Qxc4 Ba6
22. Qc3 c5 23. Rdg1 Qe6 24. Ng3 Qxa2 25. Nf5 Qa1+ 26. Kd2 Qxb2 27. Rxg7+ Kh8
28. Ng5 Qxc3+ 29. Kxc3 Rb7 30. Rxh7+ Kg8 31. Nh6+ Kf8 32. Rh8+ Kg7 33. Rxa8 Bb5
34. Nf5+ Kf6 35. Rb1 d5 1-0

[Event "IV Open Inverno Vomero"]
[Site "Napoli ITA"]
[Date "2009.01.08"]
[Round "1"]
[White "Borrelli, Salvatore"]
[Black "Supino, Domenico"]
[Result "1/2-1/2"]
[WhiteElo "1746"]
[BlackElo "2080"]
[PlyCount "45"]
[EventDate "2009.01.08"]

1. f4 Nf6 2. Nf3 b6 3. d3 d5 4. e3 e6 5. Be2 Nbd7 6. Ne5 Bb7 7. b3 Bc5 8. d4
Bd6 9. Nd2 O-O 10. O-O c5 11. Bb2 Rc8 12. Bd3 a6 13. Nxd7 Nxd7 14. dxc5 Bxc5
15. Bxh7+ Kxh7 16. Qh5+ Kg8 17. Bxg7 Kxg7 18. Qg4+ Kh7 19. Rf3 Qf6 20. Rh3+ Qh6
21. Rxh6+ Kxh6 22. Qh4+ Kg7 23. Qg5+ 1/2-1/2

[Event "IV Open Inverno Vomero"]
[Site "Napoli ITA"]
[Date "2009.01.08"]
[Round "1"]
[White "De Meo, Guido"]
[Black "Donzella, Emanuele"]
[Result "1-0"]
[WhiteElo "1974"]
[BlackElo "1673"]
[PlyCount "133"]
[EventDate "2009.01.08"]

1. d4 c6 2. c4 d5 3. g3 Nf6 4. Bg2 g6 5. Nf3 Bg7 6. O-O O-O 7. Nc3 dxc4 8. Ne5
Na6 9. Nxc4 Nc7 10. e3 Rb8 11. Qc2 Be6 12. b3 Qc8 13. Rd1 Bh3 14. Bh1 h5 15.
Ne5 Qe6 16. e4 Rbd8 17. Ne2 Nh7 18. Nf4 Qc8 19. Bb2 Bxe5 20. dxe5 Rxd1+ 21.
Rxd1 Be6 22. Ba3 Re8 23. Bc5 a6 24. Bg2 Ng5 25. Qd2 Bg4 26. Re1 Nce6 27. Qe3
Nxc5 28. Qxc5 Qc7 29. Qc3 Bc8 30. h4 Ne6 31. Nd3 c5 32. Rc1 b6 33. Kf1 Bb7 34.
b4 Rc8 35. bxc5 Nxc5 36. Nxc5 Qxc5 37. Qxc5 Rxc5 38. Rxc5 bxc5 39. Ke1 Kf8 40.
Kd2 Ke8 41. Kc3 Kd7 42. f3 Kc6 43. g4 Bc8 44. gxh5 gxh5 45. Bf1 a5 46. a4 f6
47. Bb5+ Kb6 48. exf6 exf6 49. Be8 Kc7 50. Bxh5 Bd7 51. Kb3 Be6+ 52. Kc3 Kd6
53. f4 Ke7 54. Bg6 Kf8 55. h5 Kg7 56. Be8 Kf8 57. Bb5 Bg8 58. Bc4 Bh7 59. f5
Ke7 60. Bd5 Kf8 61. Kc4 Kg7 62. Kxc5 Kh6 63. Bf7 Kg5 64. Kb5 Kf4 65. Bd5 Bxf5
66. exf5 Kxf5 67. Kxa5 1-0

[Event "IV Open Inverno Vomero"]
[Site "Napoli ITA"]
[Date "2009.01.08"]
[Round "1"]
[White "De Rosa, Francesco"]
[Black "Miccoli, Livio"]
[Result "0-1"]
[WhiteElo "1948"]
[BlackElo "1607"]
[PlyCount "92"]
[EventDate "2009.01.08"]

1. e4 e6 2. d4 d5 3. Nc3 Nf6 4. e5 Nfd7 5. f4 c5 6. Nf3 Nc6 7. Be3 a6 8. Be2
Qb6 9. Na4 Qa5+ 10. c3 cxd4 11. Nxd4 Nxd4 12. Bxd4 b5 13. Nb6 Nxb6 14. b4 Qa3
15. Bxb6 Qxc3+ 16. Kf2 Qxb4 17. Rc1 Qxf4+ 18. Bf3 Be7 19. Qc2 O-O 20. Qc6 Rb8
21. Ba7 Rb7 22. Bc5 Bxc5+ 23. Rxc5 Rb8 24. Qd6 Bb7 25. Rhc1 Qh4+ 26. Ke2 Qd8
27. Rc7 Qg5 28. Rxb7 Rxb7 29. Rc3 Rd8 30. Qxa6 Qxe5+ 31. Re3 Qb8 32. Qa3 Ra7
33. Qb2 Rc8 34. Bg4 Qxh2 35. Bh3 Qc7 36. Kf3 Qc5 37. Rb3 Rb7 38. g3 h6 39. Bf1
Rcb8 40. Rc3 Qd6 41. Qc2 Qe7 42. Bd3 Qf6+ 43. Kg2 g6 44. Be2 Kg7 45. Rc6 b4 46.
Ba6 b3 0-1

[Event "IV Open Inverno Vomero"]
[Site "Napoli ITA"]
[Date "2009.01.08"]
[Round "1"]
[White "Di Gennaro, Antonio"]
[Black "Radice, Mario"]
[Result "0-1"]
[WhiteElo "1592"]
[BlackElo "1948"]
[PlyCount "78"]
[EventDate "2009.01.08"]

1. e4 c5 2. Nf3 e6 3. d4 cxd4 4. Nxd4 Nf6 5. Nc3 d6 6. Be2 a6 7. O-O Be7 8. f4
Qc7 9. Be3 b5 10. e5 dxe5 11. fxe5 Nfd7 12. Bf3 Bb7 13. Bxb7 Qxb7 14. Qh5 O-O
15. Nf3 b4 16. Ne2 Qe4 17. Bg5 Bc5+ 18. Kh1 Qxe2 19. Rfe1 Qxc2 20. Qg4 Qg6 21.
Nh4 Qc2 22. Bh6 g6 23. Bxf8 Bxf8 24. Nf3 Nc6 25. Qh3 Qf5 26. Qg3 Bg7 27. Rf1
Ncxe5 28. Nxe5 Qxe5 29. Qf3 Rf8 30. Rad1 Nf6 31. Qb7 Nd5 32. Rfe1 Qh5 33. Qa7
Bxb2 34. Qxa6 Bc3 35. Rg1 Be5 36. h3 Nf4 37. Qf1 Ne2 38. g4 Qh4 39. Qg2 Ng3+
0-1

[Event "IV Open Inverno Vomero"]
[Site "Napoli ITA"]
[Date "2009.01.08"]
[Round "1"]
[White "Esposito, Pino"]
[Black "Rosato, Luciano"]
[Result "0-1"]
[WhiteElo "1832"]
[BlackElo "2267"]
[PlyCount "136"]
[EventDate "2009.01.08"]

1. d4 Nf6 2. c4 g6 3. Nc3 Bg7 4. e4 d6 5. Bd3 O-O 6. Nge2 e5 7. d5 a5 8. f3 Na6
9. Be3 Nc5 10. g4 Bxg4 11. fxg4 Nxg4 12. Qd2 Qh4+ 13. Kd1 Nxe3+ 14. Qxe3 Bh6
15. Qg3 Qxg3 16. hxg3 Nxd3 17. Rxh6 Kg7 18. Rh2 Nxb2+ 19. Kc2 Nxc4 20. Kd3 Na3
21. g4 f6 22. Rah1 Rh8 23. Ng3 b5 24. Nce2 b4 25. Rc1 Rac8 26. Rc6 Nb5 27. Kc4
Rb8 28. Rh1 a4 29. Nf1 Rhc8 30. Nd2 Na3+ 31. Kd3 b3 32. axb3 axb3 33. Ra6 Nc2
34. Kc3 Ne3 35. Rg1 b2 36. Nb1 h5 37. gxh5 Rb7 38. Rxg6+ Kf7 39. Rg1 Rcb8 40.
Ra3 f5 41. exf5 Nxd5+ 42. Kd2 Nf6 43. h6 Ne4+ 44. Kc2 Rh8 45. Rh3 Kf6 46. h7 c5
47. Rg8 Rhxh7 48. Rf8+ Rbf7 49. Rxf7+ Rxf7 50. Kxb2 Rb7+ 51. Kc2 Kxf5 52. Nbc3
Nf6 53. Rd3 Ke6 54. Ng3 d5 55. Rd1 Rg7 56. Nce2 e4 57. Ra1 Ke5 58. Ra6 Ng4 59.
Rc6 c4 60. Nh5 Rf7 61. Kd2 Nh2 62. Nhg3 Nf3+ 63. Kd1 Nd4 64. Nxd4 Kxd4 65. Rd6
Ke5 66. Rc6 Kf4 67. Ne2+ Ke3 68. Nc3 Kd3 0-1

[Event "IV Open Inverno Vomero"]
[Site "Napoli ITA"]
[Date "2009.01.08"]
[Round "1"]
[White "Ficco, Corrado"]
[Black "De Fazio, Giovanni"]
[Result "1-0"]
[WhiteElo "2154"]
[BlackElo "1812"]
[PlyCount "75"]
[EventDate "2009.01.08"]

1. e4 d5 2. exd5 Nf6 3. c4 c6 4. d4 cxd5 5. Nc3 e6 6. c5 Be7 7. Nf3 Bd7 8. Bd3
Bc6 9. Ne5 O-O 10. O-O Qc8 11. b4 Ne4 12. Qc2 f5 13. f3 Ng5 14. b5 Be8 15. Be3
Nf7 16. f4 Nd7 17. Nxd7 Qxd7 18. Ne2 Kh8 19. a4 g5 20. a5 g4 21. Rfc1 Rc8 22.
Qb3 h5 23. a6 Rb8 24. axb7 Qxb7 25. Rcb1 Bd7 26. Qa4 Qa8 27. Qxa7 Qxa7 28. Rxa7
Ra8 29. Rxd7 Ra3 30. Rxe7 Rxd3 31. Kf2 h4 32. b6 Nd8 33. b7 Nc6 34. Rc7 e5 35.
Rxc6 g3+ 36. hxg3 hxg3+ 37. Nxg3 exf4 38. Bxf4 1-0

[Event "IV Open Inverno Vomero"]
[Site "Napoli ITA"]
[Date "2009.01.08"]
[Round "1"]
[White "Giglio, Achille"]
[Black "Schiappoli, Dario"]
[Result "1-0"]
[WhiteElo "1615"]
[BlackElo "1966"]
[PlyCount "71"]
[EventDate "2009.01.08"]

1. e4 c5 2. Nf3 d6 3. d4 cxd4 4. Nxd4 Nf6 5. Nc3 a6 6. Be2 e5 7. Nb3 Qc7 8. Be3
b5 9. O-O Nbd7 10. f3 Be7 11. a3 Nb6 12. Rb1 Be6 13. f4 Nc4 14. Bc1 Nxa3 15.
bxa3 Qxc3 16. f5 Bd7 17. Bd2 Qc6 18. Bf3 Rc8 19. Rc1 d5 20. exd5 Qb6+ 21. Kh1
Bxa3 22. Ba5 Qd6 23. Ra1 Bxf5 24. Rf2 O-O 25. Rd2 e4 26. Nd4 Bg6 27. Bg4 Nxg4
28. Qxg4 Bc5 29. Nf5 Qe5 30. Rf1 e3 31. Re2 Bd6 32. Nxd6 Bh5 33. Rxe3 Qxd5 34.
Qg3 Rxc2 35. Nf5 Qc4 36. Qxg7# 1-0

[Event "IV Open Inverno Vomero"]
[Site "Napoli ITA"]
[Date "2009.01.08"]
[Round "1"]
[White "Irtuso, Emanuele"]
[Black "Sorrentino, Michele"]
[Result "0-1"]
[WhiteElo "1714"]
[BlackElo "2026"]
[PlyCount "58"]
[EventDate "2009.01.08"]

1. e4 d6 2. d4 Nf6 3. Nc3 Nbd7 4. Nf3 e5 5. Bc4 Be7 6. Bg5 c6 7. O-O O-O 8. Qe2
a5 9. Rad1 exd4 10. Nxd4 Ne5 11. Rfe1 b5 12. Bd3 Qc7 13. h3 Bd7 14. Kh1 Rab8
15. f4 Nxd3 16. Rxd3 b4 17. e5 dxe5 18. fxe5 bxc3 19. bxc3 Nd5 20. Bxe7 Nxe7
21. e6 Bc8 22. exf7+ Rxf7 23. Re3 Ng6 24. Re8+ Nf8 25. Qc4 Kh8 26. Qc5 Ba6 27.
Rxb8 Qxb8 28. Qxc6 Qg3 29. Qe8 Bb7 0-1

[Event "IV Open Inverno Vomero"]
[Site "Napoli ITA"]
[Date "2009.01.08"]
[Round "1"]
[White "Pinto, Gaetano"]
[Black "Solombrino, Giovanni"]
[Result "1-0"]
[WhiteElo "2044"]
[BlackElo "1728"]
[PlyCount "57"]
[EventDate "2009.01.08"]

1. d4 Nf6 2. Nf3 g6 3. c3 d5 4. Bg5 Ne4 5. Bh4 Bg7 6. Nbd2 Nxd2 7. Qxd2 O-O 8.
e3 Bf5 9. Be2 Nd7 10. O-O Nf6 11. b4 c6 12. a4 a6 13. Qb2 b5 14. Ra3 Ne4 15.
Rfa1 Qc7 16. axb5 cxb5 17. Bxb5 a5 18. Nd2 Nxd2 19. Qxd2 Rfb8 20. Bg3 e5 21.
Bd3 Bxd3 22. Qxd3 Rd8 23. Rxa5 Rxa5 24. Rxa5 f5 25. dxe5 Qc4 26. Qd4 Qe2 27. h3
Qc4 28. Rc5 Qxd4 29. exd4 1-0

[Event "IV Open Inverno Vomero"]
[Site "Napoli ITA"]
[Date "2009.01.15"]
[Round "2"]
[White "Caiazzo, Diego"]
[Black "Ficco, Corrado"]
[Result "0-1"]
[WhiteElo "1892"]
[BlackElo "2154"]
[PlyCount "58"]
[EventDate "2009.01.08"]

1. d4 Nf6 2. Nf3 g6 3. Nbd2 Bg7 4. e4 O-O 5. Bd3 c5 6. c3 d6 7. O-O Qc7 8. Re1
e5 9. dxe5 dxe5 10. Qc2 Nh5 11. Bf1 Nc6 12. b3 f5 13. Bc4+ Kh8 14. Ng5 Qe7 15.
Ngf3 Qf6 16. Ba3 b6 17. Rad1 Nf4 18. Bf1 g5 19. exf5 Bxf5 20. Ne4 Qg6 21. Nfxg5
Qxg5 22. Nxg5 Bxc2 23. Rd7 h6 24. Nf7+ Kh7 25. Nxe5 Nxe5 26. Rxe5 Rae8 27. Rxe8
Rxe8 28. c4 Re1 29. g3 Bf5 0-1

[Event "IV Open Inverno Vomero"]
[Site "Napoli ITA"]
[Date "2009.01.15"]
[Round "2"]
[White "Cosenza, Gianni"]
[Black "Somma, Andrea"]
[Result "1-0"]
[WhiteElo "1944"]
[BlackElo "1392"]
[PlyCount "59"]
[EventDate "2009.01.08"]

1. e4 e5 2. Nf3 Nc6 3. Bb5 Nge7 4. O-O a6 5. Ba4 b5 6. Bb3 Ng6 7. c3 Be7 8. d4
exd4 9. cxd4 O-O 10. Nc3 b4 11. Nd5 d6 12. h3 Be6 13. Qc2 Na5 14. Nxb4 Rb8 15.
Bxe6 Rxb4 16. a3 Rb6 17. Ba2 Qb8 18. b4 Rc6 19. Qd3 Nb7 20. Be3 Rb6 21. d5 c5
22. dxc6 Rxc6 23. Bd5 Bf6 24. Bxc6 Bxa1 25. Rxa1 Qa8 26. b5 axb5 27. Qxb5 Rb8
28. a4 Ne7 29. Bxb7 Rxb7 30. Qd3 {...} 1-0

[Event "IV Open Inverno Vomero"]
[Site "Napoli ITA"]
[Date "2009.01.15"]
[Round "2"]
[White "De Rosa, Francesco"]
[Black "Ricci, Giuseppe"]
[Result "1-0"]
[WhiteElo "1948"]
[BlackElo "1911"]
[PlyCount "87"]
[EventDate "2009.01.08"]

1. d4 d5 2. c4 c6 3. Nf3 Nf6 4. Nc3 Nbd7 5. e3 e6 6. Bd3 dxc4 7. Bxc4 b5 8. Bd3
a6 9. O-O Bb7 10. e4 c5 11. d5 exd5 12. exd5 Be7 13. d6 Bxd6 14. Bxb5 Be7 15.
Ba4 O-O 16. Bc2 Qc7 17. Re1 Rfe8 18. Bg5 Rad8 19. Qd3 Ne5 20. Qf5 Nxf3+ 21.
gxf3 g6 22. Rxe7 Rxe7 23. Qxf6 Rde8 24. Bh6 Qe5 25. Qxe5 Rxe5 26. Ne4 Rd8 27.
Re1 Kh8 28. Bg5 Rd6 29. Bf4 Rde6 30. Bxe5+ Rxe5 31. Rd1 f5 32. Rd8+ Kg7 33.
Rd7+ Kh6 34. Rxb7 fxe4 35. fxe4 c4 36. f4 Ra5 37. a4 Rc5 38. Rb6 c3 39. bxc3
Rxc3 40. Bb1 Kh5 41. f5 Kg4 42. fxg6 hxg6 43. Rxg6+ Kf3 44. Rg3+ 1-0

[Event "IV Open Inverno Vomero"]
[Site "Napoli ITA"]
[Date "2009.01.15"]
[Round "2"]
[White "Esposito, Rosario"]
[Black "Pinto, Gaetano"]
[Result "1/2-1/2"]
[WhiteElo "1867"]
[BlackElo "2044"]
[PlyCount "37"]
[EventDate "2009.01.08"]

1. d4 d5 2. c4 c6 3. Nf3 Nf6 4. Nc3 e6 5. Bg5 h6 6. Bh4 dxc4 7. e4 g5 8. Bg3 b5
9. Qc2 g4 10. e5 Nh5 11. Nh4 Nxg3 12. hxg3 Qxd4 13. Ng6 Rg8 14. Rd1 Qc5 15. Qd2
Nd7 16. Ne4 Qb6 17. Nxf8 Kxf8 18. Qxh6+ Ke7 19. Qd2 1/2-1/2

[Event "IV Open Inverno Vomero"]
[Site "Napoli ITA"]
[Date "2009.01.15"]
[Round "2"]
[White "Gallo, Thomas Renato"]
[Black "Perelli, Giuseppe"]
[Result "0-1"]
[WhiteElo "1888"]
[BlackElo "1416"]
[PlyCount "72"]
[EventDate "2009.01.08"]

1. d4 Nf6 2. c4 c5 3. e3 e6 4. Nf3 d5 5. Nc3 Nc6 6. cxd5 exd5 7. dxc5 Bxc5 8.
Be2 O-O 9. O-O Be6 10. a3 a6 11. b4 Bd6 12. Bb2 b5 13. Rc1 Rc8 14. Qd2 Ne4 15.
Nxe4 dxe4 16. Nd4 Be5 17. Rfd1 Nxd4 18. exd4 Rxc1 19. Rxc1 Bf6 20. Rc5 Qe7 21.
Qc2 Bd7 22. Rc7 Qd6 23. Qc3 Rd8 24. Qg3 Qb6 25. Rc5 Rc8 26. Bg4 Qb7 27. Bxd7
Qxd7 28. Qe3 Re8 29. h3 h6 30. Rc2 Bg5 31. Qc3 e3 32. fxe3 Bxe3+ 33. Kh1 Qf5
34. d5 Qf1+ 35. Kh2 Bg1+ 36. Kh1 Bd4+ 0-1

[Event "IV Open Inverno Vomero"]
[Site "Napoli ITA"]
[Date "2009.01.15"]
[Round "2"]
[White "Iannotta, Francesco"]
[Black "Capozzoli, Silvio"]
[Result "0-1"]
[WhiteElo "1566"]
[BlackElo "1944"]
[PlyCount "72"]
[EventDate "2009.01.08"]

1. e4 c5 2. c3 d5 3. exd5 Qxd5 4. d4 cxd4 5. cxd4 Nc6 6. Nf3 Bg4 7. Nc3 Qd8 8.
d5 Bxf3 9. Qxf3 Nd4 10. Qe4 e5 11. Nb5 Bb4+ 12. Nc3 Qc7 13. Bb5+ Kf8 14. Bd2
Bxc3 15. Bxc3 Nxb5 16. Qb4+ Nd6 17. Bxe5 Re8 18. f4 f6 19. O-O Rd8 20. Rac1 Qd7
21. Rfe1 Ne7 22. Bxd6 Qxd6 23. Qxb7 Qb6+ 24. Qxb6 axb6 25. d6 Nd5 26. Rcd1 Nxf4
27. d7 Kf7 28. Re4 Ng6 29. Rde1 Rxd7 30. a4 Ne5 31. b4 Rhd8 32. a5 bxa5 33.
bxa5 Ra8 34. Ra4 Rda7 35. Rea1 Nc6 36. a6 Nb8 0-1

[Event "IV Open Inverno Vomero"]
[Site "Napoli ITA"]
[Date "2009.01.15"]
[Round "2"]
[White "Loffredo, Gennaro"]
[Black "Lombardo, Michele"]
[Result "0-1"]
[WhiteElo "1551"]
[BlackElo "2021"]
[PlyCount "104"]
[EventDate "2009.01.08"]

1. e4 c5 2. Nf3 d6 3. d3 Nf6 4. Be2 Nc6 5. c3 e6 6. O-O Be7 7. Nbd2 a6 8. Nc4
b5 9. Ne3 Bb7 10. Re1 O-O 11. Nf1 Rc8 12. Ng3 Ne5 13. Nxe5 dxe5 14. Qc2 Qc7 15.
Be3 Rfd8 16. Rad1 Qc6 17. Nh5 Nd7 18. Qc1 g6 19. Ng3 Nb6 20. Bf1 Rd7 21. Bg5 f6
22. Be3 Rcd8 23. f3 h5 24. Qc2 f5 25. Bf2 Bf6 26. Qc1 Kh7 27. Be2 c4 28. dxc4
Nxc4 29. Rxd7+ Rxd7 30. Bxc4 bxc4 31. Rd1 Rxd1+ 32. Qxd1 h4 33. Nf1 fxe4 34.
fxe4 Qxe4 35. Qf3 Qxf3 36. gxf3 Bxf3 37. Be3 g5 38. Kf2 Bd5 39. Nd2 Kg6 40. Bc5
Kf5 41. Nf1 Kg4 42. Ne3+ Kh3 43. Kg1 g4 44. Kf2 Bg5 45. Kg1 Bf4 46. Nxd5 Bxh2+
47. Kf1 exd5 48. b4 g3 49. Bg1 g2+ 50. Kf2 Bxg1+ 51. Kxg1 Kg3 52. b5 h3 0-1

[Event "IV Open Inverno Vomero"]
[Site "Napoli ITA"]
[Date "2009.01.15"]
[Round "2"]
[White "Miccoli, Livio"]
[Black "De Meo, Guido"]
[Result "1/2-1/2"]
[WhiteElo "1607"]
[BlackElo "1974"]
[PlyCount "52"]
[EventDate "2009.01.08"]

1. e4 c5 2. Ne2 d6 3. g3 Nf6 4. Bg2 g6 5. Nbc3 Bg7 6. O-O Nc6 7. d3 O-O 8. h3
Rb8 9. Be3 b5 10. Qd2 b4 11. Nd1 Re8 12. f4 e5 13. f5 Nd4 14. g4 Bb7 15. Ng3
Qc7 16. Bg5 Nd7 17. f6 Bh8 18. Ne3 Ne6 19. h4 Nxg5 20. hxg5 Nf8 21. Nd5 Bxd5
22. exd5 c4 23. dxc4 Qxc4 24. Be4 Nd7 25. Qh2 Qd4+ 26. Kh1 Nc5 1/2-1/2

[Event "IV Open Inverno Vomero"]
[Site "Napoli ITA"]
[Date "2009.01.15"]
[Round "2"]
[White "Radice, Mario"]
[Black "Giglio, Achille"]
[Result "1-0"]
[WhiteElo "1948"]
[BlackElo "1615"]
[PlyCount "83"]
[EventDate "2009.01.08"]

1. e4 e5 2. Nf3 Nc6 3. Bc4 Bc5 4. c3 Nf6 5. d4 exd4 6. cxd4 Bb4+ 7. Bd2 O-O 8.
Bxb4 Nxb4 9. Nc3 Qe7 10. O-O d6 11. Re1 Nc6 12. Nd5 Qd8 13. Rc1 Bg4 14. Qd3 Rc8
15. a3 Bh5 16. Bb5 Bxf3 17. Bxc6 bxc6 18. Nxf6+ Qxf6 19. gxf3 Qg6+ 20. Kh1 d5
21. Qa6 Qf6 22. Qd3 Rfe8 23. e5 Qh6 24. Qe3 Re6 25. Rc5 f5 26. Qxh6 Rxh6 27. b4
Rh3 28. Kg2 Rh4 29. Rd1 Rh6 30. Rd3 f4 31. Rdc3 Rg6+ 32. Kh1 Kf8 33. Rxc6 Rg5
34. Rxc7 Rxc7 35. Rxc7 a6 36. Rd7 h5 37. Rxd5 h4 38. Rd8+ Ke7 39. Rh8 a5 40. b5
Ke6 41. b6 Kd7 42. b7 1-0

[Event "IV Open Inverno Vomero"]
[Site "Napoli ITA"]
[Date "2009.01.15"]
[Round "2"]
[White "Rosato, Luciano"]
[Black "Accardo, Francesco"]
[Result "1-0"]
[WhiteElo "2267"]
[BlackElo "1861"]
[PlyCount "59"]
[EventDate "2009.01.08"]

1. Nf3 b6 2. e4 Bb7 3. Nc3 e6 4. d4 Be7 5. Bd3 d6 6. O-O Nd7 7. Re1 h5 8. d5 e5
9. Ne2 h4 10. c4 a5 11. a3 g5 12. Be3 Nh6 13. b4 Ng4 14. Bd2 Nxf2 15. Kxf2 g4
16. Nfg1 g3+ 17. hxg3 Bg5 18. Nf3 hxg3+ 19. Nxg3 Bf4 20. Rh1 Rg8 21. Nf5 Qf6
22. g3 Qg6 23. Rg1 Bxd2 24. Qxd2 Nf6 25. c5 Bc8 26. N3h4 Qg4 27. Nh6 Qg5 28.
Qxg5 Rxg5 29. cxd6 cxd6 30. N6f5 1-0